<?xml version="1.0" encoding="UTF-8"?>
<record
    xmlns:xsi="http://www.w3.org/2001/XMLSchema-instance"
    xsi:schemaLocation="http://www.loc.gov/MARC21/slim http://www.loc.gov/standards/marcxml/schema/MARC21slim.xsd"
    xmlns="http://www.loc.gov/MARC21/slim">

  <leader>00930nam a22002057a 4500</leader>
  <controlfield tag="005">20240703105235.0</controlfield>
  <datafield tag="010" ind1=" " ind2=" ">
    <subfield code="a">HIN-127904</subfield>
  </datafield>
  <datafield tag="020" ind1=" " ind2=" ">
    <subfield code="c">395.00 </subfield>
    <subfield code="a">9789389538489</subfield>
  </datafield>
  <datafield tag="020" ind1=" " ind2=" ">
    <subfield code="c">395.00</subfield>
    <subfield code="a">9389538483</subfield>
  </datafield>
  <datafield tag="035" ind1=" " ind2=" ">
    <subfield code="a">HN-100250</subfield>
  </datafield>
  <datafield tag="037" ind1=" " ind2=" ">
    <subfield code="b">DBAD</subfield>
  </datafield>
  <datafield tag="082" ind1=" " ind2=" ">
    <subfield code="a">320.954</subfield>
  </datafield>
  <datafield tag="100" ind1=" " ind2=" ">
    <subfield code="a">&#x932;&#x915;&#x94D;&#x937;&#x94D;&#x92E;&#x940;&#x915;&#x93E;&#x902;&#x924;, &#x90F;&#x92E;</subfield>
    <subfield code="9">68014</subfield>
  </datafield>
  <datafield tag="245" ind1=" " ind2=" ">
    <subfield code="a">&#x92D;&#x93E;&#x930;&#x924; &#x915;&#x940; &#x930;&#x93E;&#x91C;&#x935;&#x94D;&#x92F;&#x935;&#x938;&#x94D;&#x925;&#x93E;/</subfield>
    <subfield code="c">&#x90F;&#x92E; &#x932;&#x915;&#x94D;&#x937;&#x94D;&#x92E;&#x940;&#x915;&#x93E;&#x902;&#x924;</subfield>
  </datafield>
  <datafield tag="250" ind1=" " ind2=" ">
    <subfield code="a">&#x91B;&#x920;&#x935;&#x93E;&#x902;</subfield>
  </datafield>
  <datafield tag="260" ind1=" " ind2=" ">
    <subfield code="a">&#x91A;&#x947;&#x928;&#x94D;&#x928;&#x908;</subfield>
    <subfield code="b">&#x92E;&#x94D;&#x91A;&#x94D;&#x917;&#x94D;&#x930;&#x935; &#x939;&#x93F;&#x932; &#x90F;&#x91C;&#x941;&#x915;&#x947;&#x936;&#x928;</subfield>
    <subfield code="c">2020</subfield>
  </datafield>
  <datafield tag="270" ind1=" " ind2=" ">
    <subfield code="a">444/1, &#x936;&#x94D;&#x930;&#x940; &#x90F;&#x915;&#x92E;&#x94D;&#x92C;&#x930;&#x93E; &#x928;&#x93F;&#x915;&#x94D;&#x915;&#x930; &#x907;&#x902;&#x921;&#x938;&#x94D;&#x91F;&#x94D;&#x930;&#x93F;&#x92F;&#x932; &#x90F;&#x938;&#x94D;&#x91F;&#x947;&#x91F; , &#x905;&#x932;&#x94D;&#x92A;&#x915;&#x94D;&#x915;&#x93E;&#x930;&#x94D;&#x923;, &#x92A;&#x941;&#x930;&#x941;&#x930;, </subfield>
    <subfield code="b">&#x91A;&#x947;&#x928;&#x94D;&#x928;&#x908;</subfield>
    <subfield code="e">600116</subfield>
  </datafield>
  <datafield tag="300" ind1=" " ind2=" ">
    <subfield code="a">xlv,679 &#x92A;&#x942;,</subfield>
    <subfield code="c">24 &#x938;&#x947;&#x92E;&#x940; (&#x905;&#x91C;&#x93F;&#x932;&#x94D;&#x926;)</subfield>
  </datafield>
  <datafield tag="942" ind1=" " ind2=" ">
    <subfield code="2">ddc</subfield>
    <subfield code="c">HN</subfield>
    <subfield code="h">320.954</subfield>
    <subfield code="m">&#x932;&#x915;&#x94D;&#x937;&#x94D;&#x92E;&#x940;&#x915;</subfield>
  </datafield>
  <datafield tag="999" ind1=" " ind2=" ">
    <subfield code="c">203876</subfield>
    <subfield code="d">203876</subfield>
  </datafield>
  <datafield tag="952" ind1=" " ind2=" ">
    <subfield code="0">0</subfield>
    <subfield code="1">0</subfield>
    <subfield code="4">0</subfield>
    <subfield code="7">0</subfield>
    <subfield code="8">NFIC</subfield>
    <subfield code="a">CJ</subfield>
    <subfield code="b">CJ</subfield>
    <subfield code="d">2024-07-03</subfield>
    <subfield code="e">DBAD</subfield>
    <subfield code="g">395.00</subfield>
    <subfield code="l">1</subfield>
    <subfield code="o">320.954 &#x932;&#x915;&#x94D;&#x937;&#x94D;&#x92E;&#x940;&#x915;</subfield>
    <subfield code="p">HN-100250</subfield>
    <subfield code="r">2024-12-05 00:00:00</subfield>
    <subfield code="s">2024-11-18</subfield>
    <subfield code="t">1</subfield>
    <subfield code="v">395.00</subfield>
    <subfield code="w">2024-07-03</subfield>
    <subfield code="y">HN</subfield>
  </datafield>
</record>
